00588nam a2200145 a 4500008004100000020001800041050001500059100002900074245013400103260003500237300002200272650006400294650006400358700002000422130510s2001 ||||||||||||||||| || u a9781919766188 aQK 394 VAN avan Wyk, Abraham (Braam)10aRegions of floristic endemism in Southern Africa: a review with emphasis on succulentscby Van Wyk Abraham E. and Smith Gideon F. aCape Town:bUmdaus Pressc2001 aviii,199p.: ill.  aENDEMIC PLANTS--AFRICA, SOUTHERN--GEOGRAPHICAL DISTRIBUTION aSUCCULENT PLANTS--AFRICA, SOUTHERN--GEOGRAPHIC DISTRIBUTION aSmith, Gedeon F